All OC, SA, ME and North African, Asian, and African RLCS Player - Statistics

General Stats
  • This quiz has been taken 2 times
  • The average score is 57 of 173
Answer Stats
Hint Answer % Correct
ROC Abdullah
100%
TSM Amphis
100%
Twisted Minds AtomiK
100%
Godfidence Aztromick
100%
Wildcard bananahead
100%
Godfidence Bemmz
100%
Corinthians brad
100%
Team Secret brunovisqui
100%
PWR Caleb
100%
Corinthians droppz
100%
FURIA drufinho
100%
Wildcard Fever
100%
Chiefs Fiberr
100%
ROC Ghaazi
100%
PWR gus
100%
Chiefs hntr
100%
Wildcard Jimmah
100%
TSM kaka
100%
Team Falcons Kiileerrz
100%
Team Secret kv1
100%
FUT Leoro
100%
FURIA Lostt
100%
PWR lunr
100%
Team Vision M7sn
100%
Elevate Maxeew
100%
TSM Mock
100%
Team Secret Motta
100%
Twisted Minds Nwpo
100%
Elevate Oscillon
100%
KINOTROPE ReaLize
100%
Chiefs Rezears
100%
Twisted Minds rise.
100%
Novus Aevi Royales
100%
Team Falcons Rw9
100%
Twisted Minds Senzo
100%
Team Vision Smw
100%
FURIA STL
100%
Godfidence suco
100%
TSM Superlachie
100%
Team Secret swiftt
100%
Elevate ThO.
100%
Wildcard Torsos
100%
Team Falcons trk511
100%
ROC Twiz
100%
FUT VKSailen
100%
FURIA yanxnz
100%
Limitless 2Die4
50%
Espada ams
50%
Dunno Chief ASN_RuBiiX
50%
Hey (with rizz) carca
50%
Al Qadsiah DrKnown
50%
Ground Zero finn
50%
Espada Hisoka
50%
Hey (with rizz) ivan
50%
CosmiCo kamz
50%
Moonrise klaus
50%
Moonrise KnS
50%
Infinity Nadr
50%
Al Qadsiah Nush
50%
Hey (with rizz) Revezy
50%
Limitless Snowyy
50%
Limitless Sweaty
50%
Team Vision T7LM
50%
Al Qadsiah Tox
50%
Overlooked UmBroken
50%
CosmiCo Werty
50%
Moonrise yanD
50%
Infamous Abdulaziz
0%
Infamous abood.
0%
PWR adam_baguette
0%
Dark Rift alanhuni
0%
Novus Aevi alpe
0%
Yokohama F. Marinos amatel
0%
Astronic Anyeelo.
0%
White Rabbit Appelsous
0%
Yokohama F. Marinos Arch
0%
FUT armonik
0%
Yokohama F. Marinos Arrow
0%
UHUH Asphyx
0%
Infinity Azorias
0%
77Blocks badnezz
0%
Bandits ESC Bathtub
0%
Ground Zero Baz
0%
Team Vision bo0odi44
0%
Dunno Chief Bryza
0%
UHUH BunnyDummy
0%
Infinity cAbdllah
0%
Novus Aevi caiotg1
0%
Infamous chikage
0%
Prodigy Cobbo
0%
Limitless cpZebra
0%
Espada creepy
0%
Papo de Visao Crs
0%
Team Falcons d7oom-24
0%
Bandits ESC Daisu
0%
Dekubopdumnem Dansku
0%
Overlooked Dappluto
0%
GeneSix Dapz
0%
The Elites De4dth
0%
The Elites Deathnote
0%
GeneSix Declan
0%
Erased Dreankz
0%
GeneSix Drew
0%
Dark Rift Ekninito
0%
77Blocks energizer
0%
77Blocks Envious
0%
Oi Oi Fades
0%
Godfidence fAsi
0%
Bandits ESC Fiasco
0%
LUK FirefixD
0%
ROUNDS FNSi
0%
Erased Folly
0%
Chiefs FreaKii.
0%
KINOTROPE furlashh
0%
White Rabbit Galaxy
0%
Hey (with rizz) Goose
0%
77Blocks Greeen
0%
GeneSix Greenwarrior
0%
LUK Haberkamper
0%
CosmiCo Happymeal
0%
Prodigy Hawk
0%
White Rabbit Heatzy
0%
KINOTROPE Homie
0%
Overlooked ianpinheiro
0%
Al Qadsiah Idris
0%
F16 iSL6Nii
0%
Ground Zero jar
0%
ROUNDS Jarkuu
0%
F16 K1ng
0%
Pineapple Cake Kei
0%
White Rabbit Key-SO
0%
Papo de Visao LagLy
0%
Papo de Visao Laucha
0%
Chiefs LBP
0%
Infamous Lcbrook
0%
LUK lucas06
0%
KINOTROPE Lunatic.
0%
ROUNDS M6R
0%
F16 MAJID
0%
White Rabbit Marnie
0%
Erased MEC
0%
Team Vision Meshal
0%
Oi Oi misty
0%
The Elites Nine
0%
Al Qadsiah No One.
0%
Infinity oVaMPiERz
0%
Ground Zero pagsi
0%
Oi Oi Panzer
0%
Corinthians pekitas
0%
Erased PJ
0%
Dekubopdumnem Porsas
0%
Oi Oi Prompt
0%
Dekubopdumnem regser
0%
LUK renaN
0%
ROUNDS Renshiro
0%
Moonrise repi
0%
77Blocks Rias
0%
Pineapple Cake Semiroundrat
0%
Overlooked ShxdowMonarch
0%
Team Secret SlaYeR
0%
Novus Aevi tander
0%
UHUH Tank
0%
FUT TORRES8232
0%
Elevate trill.
0%
77Blocks Twister.
0%
77Blocks twnzr
0%
Yokohama F. Marinos Tynobad
0%
Infamous Vipex
0%
White Rabbit Wee_Casper
0%
CosmiCo Wiiilooo
0%
Dunno Chief Youngstar
0%
ROC Zez0nix
0%
F16 Ziyad
0%
No matching quizzes found
Score Distribution
Percent of People with Each Score
Percentile by Number Answered
Your Score History
You have not taken this quiz